00668nam a2200229Ia 450000100060000000300090000600800410001504000130005604000130006904100130008210000310009510000290012624500460015524500360020125000110023726000090024826000100025726000490026730000570031665000340037365000310040776634IT-RoPAU130308s9999 xx 000 0 und d aIT-RoPAU cIT-RoPAU aITALIANO aNicoletti Altimari Umberto gCodice Aut. SPICS: 26888 aConcerti dell'Accademia di S. Cecilia (I) bLazio-L'Organizzazione Musicale a2a ed. aROMA bCidim c1988 [1° Ed.:1985 - Ed.Ling.Originale:1985] a"26 p. (prefazione: no ; testo: 26 [pagine: 66-91])" aSTORIA NAZIONALE DELLA MUSICA eCodice materia Spics: 7009